| 000 | 02112nam a22005650a 4500 | ||
|---|---|---|---|
| 999 |
_c23048 _d23048 |
||
| 001 | vtls010477072 | ||
| 005 | 20220114133557.0 | ||
| 008 | 180601s2012 xo hao r 000 slo | ||
| 020 |
_a9788097068813 _q(viaz.) |
||
| 035 | _a3159CB8C-0A58-477C-97CF-F3E9DD4FC283 | ||
| 035 | _aurn:nbn:sk:snk-am3h5gp | ||
| 035 | _aurn:nbn:sk:snk-am00cnrr | ||
| 040 |
_aSVKBB _bslo _cSVKBB _dSNK _eAACR2 |
||
| 041 | 0 | _aslo | |
| 044 |
_axo _cSK |
||
| 072 | 7 |
_a133 _xEzoterizmus. Okultizmus _2konspekt |
|
| 080 |
_a2-167.2 _22001 |
||
| 080 |
_a008"73" _22001 |
||
| 080 |
_a930.85 _22001 |
||
| 080 |
_a133 _22001 |
||
| 080 |
_a159.96 _22001 |
||
| 080 |
_a2-12/-17-264-027.14 _22001 |
||
| 080 |
_a159.964.21 _22001 |
||
| 080 |
_a159.961-022.358 _22001 |
||
| 080 |
_a(048.8) _22001 |
||
| 100 | 1 |
_aPáleš, Emil _d1966- _92489 |
|
| 245 | 1 | 0 |
_aAngelológia dejín _n2 _pSynchronicita a periodicita v dejinách _cEmil Páleš |
| 246 | 3 | 0 | _aSynchronicita a periodicita v dejinách |
| 260 |
_aBratislava _bSophia _c2012 |
||
| 300 |
_aS. 489-1032 _bfotogr., faksim., grafy _c31 cm |
||
| 490 | 1 |
_aZáklady duchovnej vedy _vzv. 3 |
|
| 650 | 0 | 7 |
_aanjeli _xezoterické chápanie _2SNKPH _92494 |
| 650 | 0 | 7 |
_ahierarchia anjelov _xezoterické chápanie _2SNKPH _92495 |
| 650 | 0 | 7 |
_acivilizačné cykly _xezoterické chápanie _2SNKPH _92496 |
| 650 | 0 | 7 |
_akultúrne dejiny _xezoterické chápanie _2SNKPH _92497 |
| 650 | 0 | 7 |
_akolektívne nevedomie _2SNKPH _92498 |
| 650 | 0 | 7 |
_aarchetypy (psychológia) _2SNKPH _92499 |
| 650 | 0 | 7 |
_asynchronicita _2SNKPH _92500 |
| 650 | 0 | 7 |
_aAngels _xesoteric approach _2SNKPHeng _92501 |
| 650 | 0 | 7 |
_aHierarchy of angels _xesoteric approach _2SNKPHeng _92502 |
| 650 | 0 | 7 |
_aCycles of civilization _xesoteric approach _2SNKPHeng _92503 |
| 650 | 0 | 7 |
_aCultural history _xesoteric approach _2SNKPHeng _92504 |
| 650 | 0 | 7 |
_aCollective unconsciousness _2SNKPHeng _92505 |
| 650 | 0 | 7 |
_aArchetypes _2SNKPHeng _92506 |
| 650 | 0 | 7 |
_aSynchronicity _2SNKPHeng _92507 |
| 655 | 7 |
_amonografie _2SNKPH _91661 |
|
| 655 | 7 |
_aMonographs _2SNKPHeng _91662 |
|
| 958 | _aNB | ||